| Tag |
First Indicator |
Second Indicator |
Subfields |
| LEADER |
00000cam a2200000 4500 |
| 001 |
in00000093320 |
| 005 |
20150927070134.0 |
| 008 |
740128s1972 eng u |
| 020 |
|
|
|a 0240447700
|
| 035 |
|
|
|a (OCoLC)00784016
|
| 035 |
|
|
|9 AAL5158AM
|
| 040 |
|
|
|c MIA
|d TXA
|d UtOrBLW
|
| 049 |
|
|
|a TXAM
|c [1203957]
|
| 090 |
|
|
|a TR290
|b .J3 1972
|
| 100 |
1 |
|
|a Jacobsohn, Kurt,
|d 1906-
|
| 245 |
1 |
0 |
|a Developing: the negative technique /
|c [by] C. I. Jacobson and R. E. Jacobson.
|
| 250 |
|
|
|a 18th ed.
|
| 264 |
|
2 |
|a London,
|a New York :
|b Focal Press; distributed in the U.S.A. by Amphoto,
|c [1972]
|
| 264 |
|
4 |
|c [©1972]
|
| 300 |
|
|
|a 412 pages :
|b illustrations, plans. ;
|c 22 cm.
|
| 336 |
|
|
|a text
|b txt
|2 rdacontent
|
| 337 |
|
|
|a unmediated
|b n
|2 rdamedia
|
| 338 |
|
|
|a volume
|b nc
|2 rdacarrier
|
| 490 |
1 |
|
|a The Manual of photo-technique
|
| 650 |
|
0 |
|a Photography
|x Negatives.
|
| 650 |
|
0 |
|a Photography
|x Developing and developers.
|
| 700 |
1 |
|
|a Jacobson, R. E.
|
| 830 |
|
0 |
|a Manuals of photo-technique.
|
| 999 |
|
|
|a MARS
|
| 999 |
f |
f |
|s cb104bb7-cb7b-34ed-8ea2-6fe5415e3698
|i bdfaf484-1db6-361a-9a51-cee42754e701
|t 0
|
| 952 |
f |
f |
|p normal
|a Texas A&M University
|b College Station
|c Sterling C. Evans Library
|d Evans: Library Stacks
|t 0
|e TR290 .J3 1972
|h Library of Congress classification
|i unmediated -- volume
|m A14805626298
|
| 998 |
f |
f |
|a TR290 .J3 1972
|t 0
|l Evans: Library Stacks
|